000 00285nam a2200145Ia 4500
100 _aHunter/Jason
942 _cBK
654 _ajava
245 _aJava Servlet programming
260 _bOreilly
_c2003
082 _a5.133
_bHUN
300 _a753
546 _aENGLISH
999 _c26548
_d26548